Systemutveckling För Riskbaserad Tillsyn : Hur Verksamhetsanalys På Praktikteoretisk Grund Kan Användas För Kravfångst.

Bibliographic Details
Main Author: Karlsson, Eva.
Format: eBook
Language:Swedish
Published: Linköping : Linkopings Universitet, 2012.
Edition:1st ed.
Series:FiF-Avhandling - Filosofiska Fakulteten - Linköpings Universitet Series
Subjects:
Online Access:Click to View
LEADER 01654nam a22003613i 4500
001 EBC30400924
003 MiAaPQ
005 20240729202204.0
006 m o d |
007 cr cnu||||||||
008 240729s2012 xx o ||||0 swe d
020 |a 9789175199078  |q (electronic bk.) 
035 |a (MiAaPQ)EBC30400924 
035 |a (Au-PeEL)EBL30400924 
035 |a (OCoLC)1372399874 
040 |a MiAaPQ  |b eng  |e rda  |e pn  |c MiAaPQ  |d MiAaPQ 
100 1 |a Karlsson, Eva. 
245 1 0 |a Systemutveckling För Riskbaserad Tillsyn :  |b Hur Verksamhetsanalys På Praktikteoretisk Grund Kan Användas För Kravfångst. 
250 |a 1st ed. 
264 1 |a Linköping :  |b Linkopings Universitet,  |c 2012. 
264 4 |c {copy}2012. 
300 |a 1 online resource (209 pages) 
336 |a text  |b txt  |2 rdacontent 
337 |a computer  |b c  |2 rdamedia 
338 |a online resource  |b cr  |2 rdacarrier 
490 1 |a FiF-Avhandling - Filosofiska Fakulteten - Linköpings Universitet Series ;  |v v.106 
588 |a Description based on publisher supplied metadata and other sources. 
590 |a Electronic reproduction. Ann Arbor, Michigan : ProQuest Ebook Central, 2024. Available via World Wide Web. Access may be limited to ProQuest Ebook Central affiliated libraries.  
655 4 |a Electronic books. 
776 0 8 |i Print version:  |a Karlsson, Eva  |t Systemutveckling För Riskbaserad Tillsyn  |d Linköping : Linkopings Universitet,c2012 
797 2 |a ProQuest (Firm) 
830 0 |a FiF-Avhandling - Filosofiska Fakulteten - Linköpings Universitet Series 
856 4 0 |u https://ebookcentral.proquest.com/lib/matrademy/detail.action?docID=30400924  |z Click to View